| 000 | 00403nam a22001337a 4500 | ||
|---|---|---|---|
| 005 | 20160314055354.0 | ||
| 008 | 121017s2013 nyua 000 0 eng d | ||
| 020 | _a9780071789653 | ||
| 020 | _a0071789650 | ||
| 041 | 0 | _aeng | |
| 080 | _a547.1 | ||
| 245 | 1 | 0 |
_aMcGraw-Hill's 500 organic chemistry questions : _cEstelle K. Meislich, Herbert Meislich, Jacob Sharefkin. |
| 942 |
_2udc _cBK |
||
| 999 |
_c633 _d633 |
||